00584nam a2200193 a 4500008004100000020002200041100002000063245007700083260004800160300003300208504005300241650001700294650001300311700001500324740002400339003000100363005001700364040000900381  a0195216016 (pbk.)1 aNarayana, Deepa10aVoices of the poor :bcan anyone hear us? /cDeepa Narayan ... [et al.]. aNew York :bOxford University Press,cc2000 axi, 343 p. :bIll. ;c24 cm. aIncludes bibliographical references : p. 334-341 aBasic needs. aPoverty. aRaj, Patel aCan anyone hear us?20230123133318.0 cNUST